[Event "Klubbmesterskap 2010"]
[Site "Ås, Akershus NOR"]
[Date "2010.04.08"]
[Round "9"]
[White "Lea, Per"]
[Black "Hovland, Arne"]
[Result "1-0"]
[WhiteElo "1536"]
[BlackElo "1560"]
[Annotator "Lea, Per"]
[PlyCount "85"]
[EventDate "2010.01.21"]

1. e4 e5 2. Nf3 Nc6 3. Bc4 {For andre gang i dette mesterskapet...} Nf6 4. Ng5
{Et omdiskutert trekk - det bryter mot rådet at man ikke skal flytte samme
brikke flere ganger i åpningen. Men det stiller unektelig svart overfor visse
problemer - det første som må gjøres, er å hindre innslag på f7. Det vil si:
ikke helt...} d5 {Folk med hår på brøstet kan prøve seg med:} (4... Bc5 {
[%emt 0:00:00]} 5. Nxf7 (5. Bxf7+ Ke7 6. Bd5 Rf8 7. O-O h6 8. Nf3) 5... Bxf2+
6. Kxf2 (6. Kf1 Qe7 7. Nxh8 d5 8. exd5 Bg4 9. Be2) 6... Nxe4+ 7. Kg1 Qh4 8. g3)
5. exd5 Na5 6. Bb5+ Bd7 ({Vanligere er f.eks.:} 6... c6 7. dxc6 bxc6 8. Be2 h6
9. Nf3 e4 10. Ne5 Qd4 11. f4 Bc5 12. Rf1 Qd8 13. c3 Nd5 14. Qa4) 7. Qe2 Be7 8.
Bxd7+ Qxd7 9. Qxe5 Nc4 10. Qd4 Nxd5 11. d3 Bxg5 12. Bxg5 Qe6+ 13. Kd1 Nxb2+ $2
(13... Ne5 14. Re1 f6 15. Bd2 O-O-O 16. Qxa7 Nb6 {burde være greit nok for
svart. Men Arne elsker jo å "grise det til", ihåp om at han finner "noe" - og
dte gjør han ofte.}) 14. Kc1 Nxd3+ 15. Qxd3 O-O 16. Nc3 Nb6 17. Rb1 f6 18. Bd2
Rad8 19. Qe3 Qd6 20. Ne4 Qc6 21. Qf3 Nc4 22. Rd1 $2 {
Der forsvant det hvit måtte ha av fordel.} (22. Bc3 Rd5 23. Re1 a5 24. Qg4 Nb6
25. Bxf6 Rxf6 26. Nxf6+ Qxf6 27. Qe4 Rd8 28. Qe6+ Qxe6 29. Rxe6 {
og hvit bør vinne sluttspillet.}) 22... Ne5 (22... Rfe8 {Det naturlige} 23. Nc3
{er ikke så godt:} Qd6 24. Qd5+ Qxd5 25. Nxd5 Rxd5 26. Bf4 Rf5 {og hvit sliter.
}) 23. Qb3+ Kh8 24. Nc3 Qxg2 25. Qxb7 Qxf2 26. Qxc7 Rc8 27. Qb7 Rfd8 28. Rb5
Nc4 $2 {Ser sterkt ut, men hvit har forsvar. Å ta med seg bonden på h2 hadde
vært litt bedre.} 29. Rd5 Qxh2 30. Rd7 Rb8 31. Qxa7 Rxd7 32. Qxd7 h6 33. Qd4
Qc7 34. Bf4 Ne5 35. Bxe5 fxe5 36. Qd6 Qxd6 37. Rxd6 Re8 38. Kd2 h5 39. Ne4 Ra8
40. Re6 Rxa2 41. Rxe5 g6 42. Re7 Ra5 $4 {En fingerfeil som svart oppdaget ca 0.
02 sekunder etter at han hadde sluppet tårnet og sett hva hvit ville spille i
neste trekk.} (42... Ra6 {skal også vinne for hvit, men det tar litt tid og
krever en forsiktig balansegang.}) 43. Nf6 1-0

[Event "Klubbmesterskap 2010"]
[Site "Ås, Akershus NOR"]
[Date "2010.04.08"]
[Round "9"]
[White "Bakken, Svein-Erik"]
[Black "Furnes, Torstein"]
[Result "0-1"]
[WhiteElo "1337"]
[BlackElo "1519"]
[PlyCount "84"]
[EventDate "2010.01.21"]

1. d4 d5 2. c4 e6 3. Nc3 Nf6 4. Bg5 Be7 5. e3 O-O 6. Nf3 Nbd7 7. Qc2 c6 8. Bd3
dxc4 9. Bxc4 b5 10. Be2 Bb7 11. O-O Rc8 12. Qd2 a6 13. Rac1 c5 14. dxc5 Nxc5
15. Rfd1 Qb6 16. Bh4 b4 17. Nb1 Nce4 18. Qe1 a5 19. Nbd2 Rxc1 20. Rxc1 Nxd2 21.
Nxd2 Bd5 22. b3 Qb7 23. Bf3 Bxf3 24. Nxf3 Nd5 25. Bg3 Nc3 26. Be5 Bf6 27. Qf1
Bxe5 28. Nxe5 Qd5 29. Nc4 Rd8 30. a3 Qd3 31. Re1 Qc2 32. Nxa5 bxa3 33. Qc4 Qd2
34. Rf1 a2 35. b4 Nb1 36. Nb3 Qb2 37. Qc7 Rf8 38. Qc4 h6 39. Rc1 Ra8 40. Qc6
a1=Q 41. Nxa1 Rxa1 42. g3 Nd2 0-1

[Event "Klubbmesterskapet 2010"]
[Site "Follo"]
[Date "2010.04.08"]
[Round "9"]
[White "Stensland, Martin"]
[Black "Olsen, Trygve"]
[Result "1-0"]
[WhiteElo "1176"]
[BlackElo "1280"]
[PlyCount "74"]
[EventDate "2009.01.14"]

1. d4 d5 2. Bf4 Nf6 3. Nc3 a6 4. e3 g6 5. Be2 c6 6. Nf3 Nh5 7. Bg5 f6 8. Bh4
Ng7 9. h3 Nf5 10. Bg3 Nxg3 11. fxg3 Qd6 12. Kf2 Bh6 13. Qd2 O-O 14. g4 e5 15.
Kg1 e4 16. Ne1 Qg3 17. Nd1 f5 18. c4 f4 19. h4 fxe3 20. Qc3 Bxg4 21. Bxg4 Qxg4
22. Nxe3 Qe2 23. Rh3 Qf2+ 24. Kh2 Bf4+ 25. Kh1 Bg3 26. h5 g5 27. cxd5 g4 28.
Rxg3 Qxg3 29. d6 Qh4+ 30. Kg1 g3 31. Nf1 Rxf1+ 32. Kxf1 Nd7 33. Qc4+ Kg7 34.
Ke2 Qxh5+ 35. Kd2 Qg5+ 36. Kc3 Qe3+ 37. Kb4 a5+ 1-0

[Event "Klubbmesterskap 2010"]
[Site "Ås, Akershus NOR"]
[Date "2010.04.15"]
[Round "10"]
[White "Moberg, Jan Rune"]
[Black "Lea, Per"]
[Result "0-1"]
[WhiteElo "1484"]
[BlackElo "1536"]
[Annotator "Lea, Per"]
[PlyCount "72"]
[EventDate "2010.01.21"]

1. Nf3 Nf6 2. c4 c5 3. d4 d5 4. g3 cxd4 5. Bg2 e6 6. O-O Be7 7. Nxd4 O-O 8.
cxd5 Nxd5 9. e4 Nf6 10. Be3 b6 11. a4 Bb7 12. Nc3 Nc6 13. Nxc6 (13. e5 Nd5 14.
Nxd5 exd5 15. Nxc6 Bxc6 {hadde nok gitt utsikter til større fordel. Men også
etter teksttrekket følte jeg at stillingen min var litt rusten.}) 13... Bxc6
14. h3 {Jeg skjønner ikke poenget med dette trekket, hvis det da ikke er for å
forhindre Sg4 etter et dronningbytte.} Qc7 15. Qe2 Qb7 16. f3 {
En underlig bondestilling på hvits kongefløy.} Rfd8 17. a5 ({
Jeg likte ikke trekket da det ble spilt, men} 17. Rfd1 Rac8 18. Rxd8+ Rxd8 19.
Rd1 Rxd1+ 20. Qxd1 Qc7 21. Kh2 {er sannsynligvis bedre.}) 17... bxa5 18. Rxa5
Bb4 19. Rg5 $2 {Her kan tårnet fort bli fanget. Bedre hadde det nok vært å
trekke det tilbake til a1.} h6 20. Re5 a5 {Nå kan trusselen Ld6 bli ubehagelig.
} 21. Nb5 $2 Qa6 $2 ({Feil på feil...:} 21... Nd7 22. Rh5 g6 23. Rxh6 (23. Nd4
gxh5 24. Nxc6 Qxc6 25. Bxh6 {1-0.}) 23... Bxb5 24. Qf2 Bxf1 25. Kxf1 {
0-1. Sannsynligvis var jeg så oppsatt på å spille Ld6 for å fange tårnet, og
når Sb5 hindrer dette, overså jeg fullstendig at springeren også kunne true
tårnet.}) 22. Rf2 $2 (22. Nd4 Qxe2 23. Nxe2 Bd6 24. Bd4 Bxe5 25. Bxe5 Bb5 26.
Re1 {er slett ingen opplagt vinst for svart.}) 22... Rd7 $2 (22... Nd7 23. Rh5
g6 24. Nc7 (24. Rxh6 {trodde jeg nok var mer ubehagelig enn det faktisk var.
Selv om jeg vinner springeren på b5, og stillingen objektivt skulle være klart
best for svart, så er Jan Rune en av dem jeg ikke vil stole på hvis han får
plantet et tårn i kongestillingen min! Sc7 hadde jeg helt oversett.}) 24...
Qxe2 25. Rxe2 gxh5 26. Nxa8 Rxa8) 23. Nd4 {Hvit er i ferd med å utlikne, og
jeg så for meg et Klubbmesterskap som forsvant ut til venstre.} Bb7 24. Rb5 {
Men nå er hvit i ferd med å øke mine sjanser igjen. Dronningbytte hadde nok
vært å foretrekke.} Rad8 25. Qc4 $2 Rc8 $2 {Dobbeltfeil for n-te gang i
partiet. Det er ikke to kommende mesterspillere som er i aksjon her, nei!} (
25... Rxd4 26. Bxd4 Rxd4 27. Qxd4 Qxb5 {bør være klart best for svart.}) 26.
Qe2 Bc5 $2 (26... Qa8 27. Bf1 (27. Rxb4 axb4 28. Qb5 Qa6 29. Bf1 (29. Qxb4 Rc4
30. Qb5 Rcxd4 31. Qxa6 Bxa6 32. Bxd4 Rxd4 $19) 29... Qxb5 30. Bxb5 Rdd8 31. Kg2
Kh7 32. Bf1 g5 $17) (27. e5 $2 Nd5 28. f4 Nxe3 29. Rxb7 Rxb7 30. Qxe3 Bc5 31.
Rd2 Rd8 32. Bxb7 Qxb7 33. Kf1 (33. Kh2 Bxd4 34. Rxd4 Qxb2+ {0-1.}) 33... Qh1+
34. Kf2 Qd5 35. Qf3 Bxd4+ 36. Kg2 Qxf3+ 37. Kxf3 Bb6 {0-1.})) 27. Nf5 $2 (27.
Rxc5 Rxc5 28. Nxe6 Qxe2 29. Rxe2 Rc4 30. Nc5 Rd1+ 31. Kf2 Bc6 $15) 27... exf5
$2 (27... Ba7 28. Bxa7 Qxa7 29. Ne3 Rc1+ 30. Kh2 a4 31. e5 Ba6 32. Ra5 Bxe2 33.
Rxa7 Rxa7 34. Rxe2 Nd5 35. Nc2 $19) 28. Rxc5 Rxc5 29. Bxc5 Qc6 30. e5 $2 (30.
b4 axb4 31. Bxb4 fxe4 32. fxe4 Rd4 33. Rxf6 gxf6 34. Qg4+ Kh8 35. Be7 Rd3 36.
Qf4 f5 37. Qxf5 Qg6 38. Qe5+ Kh7 39. g4 Qe6 40. Qxe6 fxe6 41. Kf2 Rd2+ 42. Kg3
{og jeg tviler på om svart klarer å vinne her.}) 30... Nh5 31. Qe3 Nxg3 32. Bd6
Qb5 33. b4 Nh5 (33... axb4 34. Qb3 f4 35. Qxb4 Qd3 36. Qd2 Qe3 37. h4 Bd5 38.
Kh2 Qxd2 39. Rxd2 Bxf3 40. e6 (40. Bxf3 $4 Nf1+ 41. Kh3 Nxd2 42. Bc6 Rd8 $19))
34. bxa5 Qxa5 35. Rb2 $4 {En gavepakke til svart i tidsnøden. Hvit hadde
nesten en time igjen til tidskontrollen her. Vi overlater til psykologene å
forklare hvorfor slike feil gjøres.} Qa1+ 36. Kh2 Qxb2 0-1

[Event "Klubbmesterskap 2010"]
[Site "Ås, Akershus NOR"]
[Date "2010.04.22"]
[Round "10"]
[White "Weberg, Øivind"]
[Black "Furnes, Torstein"]
[Result "1/2-1/2"]
[WhiteElo "1517"]
[BlackElo "1519"]
[PlyCount "57"]
[EventDate "2010.01.21"]

1. e4 c5 2. Nf3 Nc6 3. d4 cxd4 4. Nxd4 e5 5. Nb5 d6 6. N1c3 a6 7. Na3 b5 8. Nd5
Nf6 9. Bg5 Be7 10. Bxf6 Bxf6 11. c3 O-O 12. Nc2 Bg5 13. h4 Bh6 14. g4 f6 15.
Bh3 Ne7 16. a4 bxa4 17. Rxa4 Bb7 18. Ncb4 a5 19. Nxe7+ Qxe7 20. Nd5 Qf7 21. O-O
Bxd5 22. Qxd5 Qxd5 23. exd5 Rfb8 24. Rb1 Bd2 25. Rc4 a4 26. Ra1 Rxb2 27. Rcxa4
Rxa4 28. Rxa4 Bxc3 29. g5 1/2-1/2

[Event "Klubbmesterskap 2010"]
[Site "Ås, Akershus NOR"]
[Date "2010.04.29"]
[Round "11"]
[White "Lea, Per"]
[Black "Weberg, Øivind"]
[Result "1-0"]
[WhiteElo "1529"]
[BlackElo "1517"]
[Annotator "Lea, Per"]
[PlyCount "99"]
[EventDate "2010.01.21"]

1. e4 e6 2. d4 d5 3. Nc3 Bb4 4. e5 b6 {Ikke den vanligste varianten - og
trekket gjør at alle mine forberedelser var forgjeves. Trekket er selvfølgelig
helt greit, og i akkurat dette partiet gir det også svart et psykologisk
overtak, samt et overtak på klokka. Øyvind hadde nemlig erfaring med denne
varianten, det hadde ikke jeg. Etter 10 trekk var tidsforbruket hvit: 26
minutter, svart: 6 minutter, etter 15 trekk hvit: 50 minutter, svart: 23
minutter.} 5. Qg4 Bf8 {Originalt og overraskende (for meg). Men trekket får
full støtte fra spesialistene. Tempotap? Ja, kanskje, men plutselig står ikke
den hvite madam'en spesielt godt.} 6. Nf3 {
I min utgave av Batsford Chess Openings anbefaler Karpov og Keene} ({
I min utgave av Batsford Chess Openings anbefaler Karpov og Keene} 6. Bg5 Qd7
7. O-O-O h6 $1 8. Be3 Ba6 9. Nge2 h5 10. Qh3 g6 11. Bg5 Be7 12. f4 Nh6 $11) (6.
Qd1 {[%emt 0:00:00]} Bb4 7. Qg4 {ble vurdert, med en tidlig remis etter
trekkgjentakelse. Klubbmesterskapet var jo allerede i havn, men på den annen
side hadde (og har) jeg mange høner å plukke med Øyvind. Min score mot ham er
vel rundt 34%, tipper jeg...}) 6... Ba6 7. Bg5 Qd7 8. O-O-O Bxf1 9. Rhxf1 h5
10. Qf4 Nc6 11. Nh4 {Dermed forsv inner mesteparten av den lille fordelen hvit
hadde. Fritz anbefaler:} (11. a3 Be7 12. Kb1) 11... Nh6 12. Rfe1 Be7 13. Re3
O-O-O 14. h3 Bxg5 15. Qxg5 Qe7 16. f4 g6 17. Qg3 Rdg8 18. Qf2 g5 (18... Nf5 19.
Nxf5 gxf5 20. Ne2 $11) (18... Rg7 19. Ne2 Kb7 20. Kb1 Nf5 21. Nxf5 gxf5 $11)
19. fxg5 Rxg5 20. Rg3 Rhg8 21. Rxg5 (21. Rf3 Qf8) 21... Qxg5+ 22. Kb1 Qg3 23.
Qxg3 Rxg3 24. Ne2 Re3 25. Nc1 Re4 26. Nf3 Nf5 27. c3 Ne3 28. Rg1 Rf4 29. Ne2
Rf5 30. Ng3 Rf4 31. Nxh5 Rf5 32. Ng3 Rf4 33. Ne2 Rf5 34. Nh4 Rh5 35. g3 Ne7 36.
Nf4 Rh6 37. Kc1 N7f5 38. Nxf5 Nxf5 39. h4 {Her oppsto det en pussig situasjon:
jeg hadde notert svarts neste trekk som 39....Kc8, men da jeg skulle spille
gjennom partiet hjemme på kvelden, skjønte jeg at noe var galt. Jeg spurte
Øyvind hva han hadde ntert som svarts 39. trekk, og han hadde også notert 39...
.Kc8. Først etter å ha tenkt grundig gjennom situasjonen kom jeg fram til en
sannsynlig forklaring: som en ettervirkning av diverse operasjoner, var Øyvind
svekket i høyrearmen. Det gjorde at han flere ganger uforvarende veltet kongen
fordi han ikke klarte å løfta armen tilstrekkelig høyt da han skulle trykke på
klokka. Selv var jeg i noe som liknet på en tidsnød og hadde all
oppmerkomheten vendt mot kongefløyen og bøndene mine der. Derfor oppdaget jeg
ikke at Øyvind satte kongen tilbake på b8 i stedet for c8. For i det hele tatt
å få lagt inn partiet i Fritz, måtte jeg derfor konstruere manøveren 39. Kd7,
40. Kd8} Kd7 40. h5 Kd8 41. g4 Ng7 42. g5 Rh7 43. h6 Nf5 44. Nh5 Ne7 45. Rf1
Nf5 46. Nf4 c5 47. dxc5 bxc5 48. Nxd5 Nxh6 49. Nf6 Rh8 50. Rh1 1-0

[Event "Klubbmesterskap 2010"]
[Site "Ås, Akershus NOR"]
[Date "2010.04.29"]
[Round "11"]
[White "Furnes, Torstein"]
[Black "Olsen, Trygve"]
[Result "1-0"]
[WhiteElo "1519"]
[BlackElo "1280"]
[PlyCount "55"]
[EventDate "2010.01.21"]

1. d4 d5 2. Nf3 h6 3. c4 Be6 4. c5 Nc6 5. Bf4 Nf6 6. h3 Bf5 7. Nc3 a6 8. e3 e6
9. Qa4 Nd7 10. b4 Be7 11. Be2 Kf8 12. Qb3 b5 13. a4 g5 14. Bh2 f6 15. Nxd5 Nxc5
16. dxc5 exd5 17. axb5 Nb8 18. bxa6 Be6 19. Nd4 Bf7 20. O-O h5 21. a7 Qd7 22.
axb8=Q+ Rxb8 23. Qa4 Qc8 24. Ba6 Qe8 25. Qxe8+ Bxe8 26. Ne6+ Kf7 27. Nxc7 Rxb4
28. Nxd5 1-0

[Event "Høstturnering 2009"]
[Site "Ås, Akershus NOR"]
[Date "2009.09.03"]
[Round "1"]
[White "Flaata, Alexander"]
[Black "Lea, Per"]
[Result "1-0"]
[WhiteElo "1963"]
[BlackElo "1532"]
[PlyCount "81"]
[EventDate "2009.09.03"]
1. e4 e5 2. f4 d5 3. exd5 e4 4. d3 Nf6 5. dxe4 Nxe4 6. Nf3 Bc5 7. Qe2 Bf2+ 8.
Kd1 Qxd5+ 9. Nfd2 f5 10. Nc3 Qd4 11. Ncxe4 fxe4 12. c3 Qe3 13. Nxe4 Qxe2+ 14.
Bxe2 Bb6 15. Bb5+ Bd7 16. Re1 Bxb5 17. Nd6+ Kd7 18. Nxb5 Nc6 19. Kc2 a6 20. Na3
Rae8 21. Bd2 Bf2 22. Rxe8 Rxe8 23. Rf1 Bh4 24. g3 Bf6 25. Re1 Rxe1 26. Bxe1 b5
27. Kd3 Ke6 28. Nc2 Ne7 29. Bf2 Kd6 30. b4 c6 31. Bc5+ Kd7 32. Ne3 Ke6 33. g4
g6 34. Bd4 Nd5 35. Nxd5 cxd5 36. Bxf6 Kxf6 37. Kd4 Ke6 38. Kc5 h6 39. h3 h5 40.
a3 hxg4 41. hxg4 1-0

[Event "Høstturnering 2009"]
[Site "Ås, Akershus NOR"]
[Date "2009.09.03"]
[Round "1"]
[White "Furnes, Torstein"]
[Black "Thowsen, Alf Geir"]
[Result "1-0"]
[WhiteElo "1507"]
[BlackElo "1203"]
[PlyCount "59"]
[EventDate "2009.09.03"]

1. d4 d5 2. c4 c6 3. e3 Nf6 4. Nc3 g6 5. Nf3 Bg7 6. Bd3 O-O 7. O-O Re8 8. e4
dxe4 9. Nxe4 Bg4 10. Be3 Nbd7 11. h3 Bxf3 12. Qxf3 e5 13. Nd6 Re6 14. c5 Qc7
15. Bc4 Re7 16. g4 Rf8 17. Rad1 Ne8 18. Bg5 Ndf6 19. Nxe8 Rexe8 20. Bxf6 e4 21.
Qg3 Qxg3+ 22. fxg3 e3 23. Bxg7 Kxg7 24. Rfe1 f5 25. gxf5 Rxf5 26. Be2 Ref8 27.
Rd3 Re8 28. Bg4 Rf2 29. Rdxe3 Rxe3 30. Kxf2 1-0

[Event "Høstturnering 2009"]
[Site "Ås, Akershus NOR"]
[Date "2009.09.10"]
[Round "2"]
[White "Weberg, Øivind"]
[Black "Furnes, Torstein"]
[Result "1-0"]
[WhiteElo "1515"]
[BlackElo "1505"]
[PlyCount "121"]
[EventDate "2009.09.03"]

1. e4 c5 2. Nf3 Nc6 3. d4 cxd4 4. Nxd4 e5 5. Nb5 d6 6. N1c3 a6 7. Na3 b5 8. Nd5
Nf6 9. Bg5 Be7 10. Bxf6 Bxf6 11. c3 Bg5 12. Nc2 O-O 13. h4 Bh6 14. g4 f6 15.
Nce3 Bxe3 16. Nxe3 Be6 17. Nf5 d5 18. Bg2 dxe4 19. Bxe4 Qxd1+ 20. Rxd1 Bxf5 21.
gxf5 Rac8 22. Rd6 Nb8 23. Ke2 Rc7 24. Rhd1 Rfc8 25. Bd5+ Kf8 26. Be6 Re8 27.
Rd8 Ke7 28. Rxe8+ Kxe8 29. Rd6 Ra7 30. Rb6 Nd7 31. Rc6 Ke7 32. Rc8 Nf8 33. Bb3
g6 34. fxg6 hxg6 35. a4 bxa4 36. Bxa4 a5 37. Re8+ Kf7 38. Rc8 f5 39. c4 Ne6 40.
Ke3 Nd4 41. c5 Ke7 42. f4 Rb7 43. Re8+ Kf7 44. Rxe5 Rb4 45. Be8+ Kf6 46. c6 Ne6
47. Bd7 Rb3+ 48. Kd2 Nc7 49. Rxa5 Rxb2+ 50. Kc3 Rb8 51. Kc4 Ke7 52. h5 gxh5 53.
Rxf5 Rh8 54. Kc5 h4 55. Re5+ Kd8 56. Re3 Rh5+ 57. Re5 Rh8 58. Bh3 Rf8 59. Rf5
Rh8 60. Rf7 Rh5+ 61. Kc4 1-0

[Event "Høstturnering 2009"]
[Site "Ås, Akershus NOR"]
[Date "2009.10.01"]
[Round "3"]
[White "Olsen, Trygve"]
[Black "Lea, Per"]
[Result "0-1"]
[WhiteElo "1255"]
[BlackElo "1529"]
[PlyCount "60"]
[EventDate "2009.09.03"]
1. e4 e5 2. Nf3 Nc6 3. Bc4 Nf6 4. a3 Nxe4 5. d3 Nf6 6. Nc3 d5 7. Ba2 Bg4 8. O-O
Nd4 9. Kh1 c6 10. b4 Qd6 11. Bb2 O-O-O 12. Nb1 Nxf3 13. gxf3 Bh3 14. Rg1 g6 15.
Rg3 Bf5 16. Qe1 Nh5 17. Rg1 Bg7 18. Nc3 Rhe8 19. b5 e4 20. dxe4 Bxc3 21. Bxc3
dxe4 22. Rd1 Qxd1 23. Qxd1 Rxd1 24. Rxd1 exf3 25. bxc6 bxc6 26. Bxf7 Re7 27.
Bb3 Bh3 28. Bb4 Bg2+ 29. Kg1 Nf4 30. Bc4 Nh3# 0-1

[Event "Høstturnering 2009"]
[Site "Ås, Akershus NOR"]
[Date "2009.09.24"]
[Round "3"]
[White "Furnes, Torstein"]
[Black "Hovland, Arne"]
[Result "1-0"]
[WhiteElo "1505"]
[BlackElo "1561"]
[Annotator "Furnes,Torstein"]
[PlyCount "83"]

1. d4 f5 2. c4 Nf6 3. Nc3 g6 4. Nf3 Bg7 5. Bg5 c5 6. e3 O-O 7. Bxf6 Bxf6 8. Be2
Qa5 9. O-O Nc6 10. Nd5 Bg7 11. a3 Qd8 12. Rb1 cxd4 13. exd4 e6 (13... g5 14. c5
g4 15. Ne5 Nxe5 16. dxe5 Bxe5) 14. Ne3 Qf6 15. d5 Ne5 16. b4 g5 (16... Nxf3+
17. Bxf3 e5) 17. c5 Qh6 18. Nc4 Ng6 19. d6 g4 20. Ne1 Nf4 21. Nd3 Nd5 22. Qc1
Qh4 23. Nde5 (23. Nce5) 23... Rf6 $6 (23... b5 24. cxb6 axb6 25. b5) 24. g3 Qh3
25. f4 Rh6 26. Rf2 Nf6 (26... b6 $5) 27. Bf1 Qh5 28. Qc2 $6 (28. Bd3) 28... b6
(28... Ne4) 29. Bd3 (29. cxb6 Ne4 30. Rg2) 29... Bb7 30. cxb6 a6 $6 (30... Ne4
31. Bxe4 Bxe4 32. b7 Bxb7 (32... Rb8 33. Qa4 Bxb1 34. Qxa7 Qe8 35. Nxd7 Rxb7
36. Qxb7) 33. Qa4 Qe8 34. Rc1) 31. Na5 Rc8 32. Qe2 ({Sterkest er} 32. Bc4 $1
Bd5 (32... Ne4 33. Nxb7 Nxf2 34. Bxe6+ Rxe6 35. Qxc8+) 33. b7 Rd8 34. Bxd5 Nxd5
35. b5) 32... Ne4 $6 (32... Rb8 33. Rc1 Bf3) 33. Bxe4 ({Best var} 33. Nxb7 Nxf2
34. Qxf2 Rb8 35. Bxa6) 33... Bxe4 34. Qxa6 ({Bedre er} 34. b7 Bxb7 35. Nxb7)
34... Qe8 $2 {Tapstrekket. Fritz 10 mener at svart kunne hatt gode muligheter
for remis med følgende morsomme variant:} (34... Rc3 $1 35. b7 {
Andre hvite trekk gir svart fordel, ifølge Fritz.} Rxg3+ $1 36. Kf1 Qh3+ 37.
Ke2 Re3+ 38. Kd1 Bxe5 39. b8=Q+ Kg7 40. Qba7 $1 {
Eneste trekk som hindrer umiddelbar evig sjakk.} ({F.eks.} 40. fxe5 Rd3+ 41.
Ke1 Qe3+ 42. Kf1 Qxf2+ 43. Kxf2 Rxh2+ {og evig sjakk.}) 40... Rd3+ 41. Ke2 Bd4
42. Qxd7+ Kg6 43. Qxe6+ Kh5 44. Qf7+ Rg6 45. Qxh7+ Rh6 46. Qf7+ Rg6 47. Nc4
Bxf2 {og her er det hvit som må ta evig sjakk (alle andre trekk taper) med} 48.
Qh7+ Rh6 49. Qf7+ Rg6 50. Qh7+) 35. b7 Rb8 36. Rc1 Bxb7 37. Nxb7 Ra8 38. Qb5
Rxa3 39. Rfc2 Qh5 $2 40. Rc8+ Bf8 41. Rxf8+ $1 Kxf8 42. Rc8+ {
svart blir matt i få trekk.} 1-0

[Event "Høstturnering 2009"]
[Site "Ås, Akershus NOR"]
[Date "2009.10.08"]
[Round "4"]
[White "Lea, Per"]
[Black "Moberg, Jan Rune"]
[Result "1-0"]
[WhiteElo "1528"]
[BlackElo "1422"]
[PlyCount "97"]
[EventDate "2009.09.03"]
1. e4 c5 2. Nf3 d6 3. d4 cxd4 4. Nxd4 Nf6 5. Nc3 a6 6. Bg5 Qa5
7. Qd2 e5 8. Nb3 Qd8 9. O-O-O Be6 10. g3 Nc6 11. f4 Bxb3 12. axb3 Qa5 13. Bg2
Nd4 14. Kb1 Rc8 15. Bxf6 gxf6 16. Nd5 Qd8 17. Rc1 Bg7 18. Qb4 b5 19. c3 a5 20.
Qa3 Ne6 21. c4 b4 22. Qa4+ Kf8 23. Ka2 Rc5 24. Rhd1 Nd4 25. Rd2 h5 26. Rf1 h4
27. g4 h3 28. Bf3 Bh6 29. Bd1 Ne6 30. f5 Nd4 31. Rd3 Bg5 32. Kb1 Nc6 33. Rff3
Ne7 34. Rxh3 Rxh3 35. Rxh3 Kg7 36. Rd3 Nc6 37. h3 Bh4 38. Ka2 Bf2 39. Kb1 Bd4
40. Rg3 Qh8 41. Kc2 Qh4 42. Rf3 Bg1 43. Rd3 Bh2 44. Kb1 Qh8 45. Nxf6 Qd8 46.
Rxd6 Qa8 47. Nd7 Rxc4 48. bxc4 Nd4 49. Rd5 1-0

[Event "Høstturnering 2009"]
[Site "Ås, Akershus NOR"]
[Date "2009.10.08"]
[Round "4"]
[White "Bakken, Svein-Erik"]
[Black "Furnes, Torstein"]
[Result "0-1"]
[WhiteElo "1331"]
[BlackElo "1505"]
[PlyCount "112"]
[EventDate "2009.09.03"]

1. d4 d5 2. c4 e6 3. Nc3 Nf6 4. Bg5 Be7 5. e3 O-O 6. Nf3 Nbd7 7. c5 c6 8. Bd3
Qc7 9. Bf4 Qa5 10. h3 b6 11. Bc7 Qb4 12. Qc2 bxc5 13. dxc5 Nxc5 14. Be2 Nce4
15. Nd4 Bd7 16. O-O Nxc3 17. bxc3 Qb7 18. Bh2 c5 19. Rab1 Qc8 20. Nb5 Bxb5 21.
Bxb5 c4 22. Qa4 Ne4 23. Rfc1 Bd6 24. Bxd6 Nxd6 25. Ba6 Qc7 26. Rb4 Rab8 27.
Rcb1 Rb6 28. Qa5 Rfb8 29. f3 h6 30. Kf2 Kh7 31. Bb5 Nxb5 32. Rxb5 Qb7 33. a4
Kg6 34. g3 Kf6 35. h4 g5 36. hxg5+ hxg5 37. g4 Qc7 38. Kg2 Rh8 39. Rh1 Rxh1 40.
Kxh1 Qg3 41. Rxb6 Qxf3+ 42. Kh2 Qf2+ 43. Kh1 Qh4+ 44. Kg1 Qxg4+ 45. Kh2 Qe2+
46. Kh1 Qe1+ 47. Kg2 axb6 48. Qxb6 Qxc3 49. a5 Qd2+ 50. Kf3 c3 51. Qd8+ Kf5 52.
Qg8 Qd1+ 53. Kf2 f6 54. Qh7+ Kg4 55. Qc7 Qf3+ 56. Kg1 Qg3+ 0-1

[Event "Høstturnering 2009"]
[Site "Ås, Akershus NOR"]
[Date "2009.10.15"]
[Round "5"]
[White "Lea, Per"]
[Black "Weberg, Øivind"]
[Result "0-1"]
[WhiteElo "1528"]
[BlackElo "1515"]
[PlyCount "42"]
[EventDate "2009.09.03"]
1. e4 e6 2. d4 d5 3. Nc3 Bb4 4. e5 c5 5. a3 Bxc3+ 6. bxc3 Qc7
7. Qg4 f5 8. Qg3 cxd4 9. cxd4 Qxc2 10. Bb5+ Nc6 11. Qxg7 Qc3+ 12. Ke2 Qxa1 13.
Qxh8 Qxc1 14. Qxg8+ Ke7 15. Qxh7+ Kd8 16. Qg8+ Kc7 17. Qf7+ Kb6 18. Bxc6 bxc6
19. f4 Ba6+ 20. Kf2 Qb2+ 21. Kg3 Bf1 0-1

[Event "Høstturnering 2009"]
[Site "Ås, Akershus NOR"]
[Date "2009.10.15"]
[Round "5"]
[White "Flaata, Alexander"]
[Black "Furnes, Torstein"]
[Result "1-0"]
[WhiteElo "1963"]
[BlackElo "1505"]
[PlyCount "53"]
[EventDate "2009.09.03"]

1. e4 c5 2. Nf3 Nc6 3. d4 cxd4 4. c3 dxc3 5. Nxc3 d6 6. Bc4 Nf6 7. O-O e6 8.
Qe2 a6 9. Rd1 Qc7 10. Bf4 Be7 11. Rac1 O-O 12. a4 Rd8 13. Ba2 Qb8 14. e5 Ne8
15. Bb1 d5 16. Ng5 Bxg5 17. Bxg5 Rd7 18. Qd3 g6 19. f4 Ne7 20. Qh3 b5 21. Rd3
bxa4 22. Nxa4 Qb4 23. Nc5 Rc7 24. Rdc3 Qxb2 25. Bf6 a5 26. Qxh7+ Kf8 27. Qh6+
1-0